00313pab a2200121 454500008004000000100001600040245006600056260000900122300001300131362001200144650002200156773001300178180718b2005 xxu||||| |||| 00| 0 eng d aRao, P.S.N. aProvision of urban amenities in rural areas - the way forward c2005 ap.32-44. aOct-Dec aRural development aNagarlok